Ariana Grande - Chansons en emojis #3 - Statistiques

Statistiques générales
  • Ce quiz a été pris 255 fois
  • Le résultat moyen est 5 sur 10
Statistiques - réponses
Emojis Chansons % Correct
🌙🔦 Moonlight
86%
🩸〰️ bloodline
76%
👻📱 ghostin
67%
📚(🔚🌍) intro (end of the world)
60%
🙋🏻‍♀️💇🏻‍♀️ my hair
56%
📴🪑🍽️ off the table
55%
💭🫵 Thinking Bout You
51%
😤 breathin'
17%
➡️🙋🏻‍♀️🧠 in my head
17%
⛑️🥅 safety net
10%
Aucun quiz correspondant
Distribution des résultats
% des personnes avec chaque résultat
Percentile par nombre de réponses
Votre historique - résultats
Vous n’avez pas pris ce quiz